000 00975cam a2200313Ii 4500
002 46291
005 20230410143453.0
008 770131s1975 sp 000 0 spa d
035 _a(OCoLC)ocm02710798
040 _aLRU
_cLRU
_dCNE
_dOCL
020 _a8421741144
020 _a9788421741146
041 1 _aspa
_heng
001 14aGT 2665bF459c 1975
049 _aGRAL
100 1 _aFielding, William J.
_q(William John),
_d1886-
245 1 0 _aCuriosas costumbres de noviazgo y matrimonio /
_cWilliam J. Fielding; traducción Jorge Campillo Climent.
250 _a1. ed.
260 _aBarcelona :
_bBiblioteca Universal Caralt,
_c1975.
300 _a282 p. ;
_c18 cm.
490 0 _aSerie Ensayo ;
_v12
500 _aOriginal title: Strange customs of courtship and marriage.
650 0 _aMarriage customs and rites.
650 0 _aCourtship.
650 7 _aMatrimonio
_xCostumbres y ritos.
_2bidex
942 _2lcc
_cbk
994 _aC0
_bDRFGD
946 _aEdiaz
999 _c102318
_d102318